[Event "Harburg-chF 12th"]
[Site "Hamburg"]
[Date "2017.08.05"]
[Round "3"]
[White "Tietze, Tobias"]
[Black "Kort, Felix"]
[Result "1-0"]
[WhiteElo "1356"]
[BlackElo "1464"]
[PlyCount "87"]
[EventDate "2017.08.06"]
[EventType "tourn"]
[EventRounds "5"]
[EventCountry "GER"]
[SourceTitle "CBM 180 Extra"]
[Source "ChessBase"]
[SourceDate "2017.10.06"]
[SourceVersion "1"]
[SourceVersionDate "2017.10.06"]
[SourceQuality "1"]

1. e4 e5 2. f4 Bc5 3. Nf3 Nc6 4. Bc4 d6 5. Nc3 Bd7 6. Na4 Bb6 7. Nxb6 axb6 8. 0-0 Nf6 9. d3 0-0 10. fxe5 dxe5 11. Bg5 h6 12. Bh4 Re8 13. Nd2 g5 14. Qf3 Kg7 15. Bf2 Bg4 16. Qg3 Nd4 17. Bxd4 Qxd4+ 18. Qf2 Qxf2+ 19. Rxf2 Be6 20. Raf1 Bxc4 21. Nxc4 Re6 22. a3 Rf8 23. Nxe5 Rxe5 24. Rxf6 Rc5 25. c3 Rb5 26. b4 Re5 27. R1f2 Re7 28. R6f3 Ra8 29. Ra2 c5 30. Kf2 f6 31. Rf5 Re5 32. g4 c4 33. Rxe5 fxe5 34. dxc4 Rc8 35. c5 bxc5 36. b5 Rd8 37. Ke2 Kf7 38. a4 Ke7 39. a5 Kd7 40. Rd2+ Kc7 41. Rxd8 Kxd8 42. Kd3 Kc7 43. Kc4 b6 44. a6 1-0